[Event "Presidents Cup "]
[Site "Elista"]
[Date "1998.05.07"]
[Round "1.1"]
[White "Sakaev, Konstantin"]
[Black "Erendzhenov, Stanislav"]
[Result "1-0"]
[WhiteElo "2620"]
[BlackElo "2370"]
[Annotator "Huebner,R"]
[PlyCount "119"]
[EventDate "1998.05.07"]
[EventType "k.o."]
[EventRounds "6"]
[EventCountry "RUS"]
[SourceTitle "CBM 065"]
[Source "ChessBase"]
[SourceDate "1998.08.06"]
[SourceVersion "1"]
[SourceVersionDate "1998.08.06"]
[SourceQuality "1"]

1. d4 Nf6 2. c4 c6 3. Nc3 d5 4. Nf3 dxc4 5. a4 Bf5 6. Ne5 e6 7. f3 Bb4 8. e4
Bg6 {Dieser Zug ist nicht populär; Schwarz gibt sich mit einer äußerst
passiven Stellung zufrieden. Er hat keine Kompensation für die wirkungslose
Aufstellung des Läufers auf g6 und den Mangel an Einfluß im Zentrum.} 9. Bxc4
Nbd7 10. Nd3 (10. h4 {geschah in der Partie Petursson-Meduna, Gausdal 1988 
(Inf. 46/(490); s. Z. Ribli, Slawisch D16-19 (Informatormonographie) D 17,
Fußnote 435.}) 10... Be7 11. Be3 O-O 12. O-O Ne8 13. a5 Nd6 14. Ba2 Re8 15. b4
Bf8 16. Nf4 Rc8 17. Qe2 a6 18. Na4 Nb5 19. Qb2 Bd6 20. Rad1 Qe7 21. Nd3 Rcd8
22. Ndc5 Nxc5 23. bxc5 Bc7 24. Nb6 f6 25. Bf2 Bf7 26. Rfe1 Bxb6 27. axb6 Qf8
28. Rd2 Rd7 29. Red1 Red8 30. h3 Qe7 31. Bc4 Qe8 32. Rd3 h6 33. Qb3 Kh8 34.
R3d2 Qg8 35. Be3 Qe8 36. Kh2 Kh7 37. Kh1 Kh8 38. Kg1 Qg8 39. h4 $6 Qe8 40. Qb2
f5 $6 41. d5 (41. Bf4 {hätte den Druck verstärkt. Der Textzug bildet ein
riskantes Unternehmen.}) 41... exd5 42. Bxh6 Qf8 43. Bxb5 axb5 44. exf5 Qxc5+
45. Kh1 Rg8 46. Bf4 Qxb6 47. f6 Kh7 48. h5 c5 49. Qc2+ g6 50. Be5 d4 51. g4 Qc6
52. hxg6+ Rxg6 53. Rh2+ Kg8 54. Kg2 Rxg4+ (54... Rd5 {scheitert an} 55. Rdh1
Kf8 56. Rh8+ Rg8 57. Qh7 $18) 55. Kf2 Rg6 $4 ({Nach} 55... d3 {sehe ich keine
Gefahren für Schwarz:} 56. Rxd3 Rg6 (56... Rxd3 57. Qxd3 Rg6 58. Qd8+ Qe8 59.
Rh8+ Kxh8 60. Qxe8+ Bxe8 61. f7+ {wäre dagegen fatal für Schwarz; vor diesem
taktischen Motiv muß er sich hüten!}) 57. f4 Rxd3 58. Qxd3 Qc8 {usw.}) 56. Rh8+
Kxh8 57. Qxg6 Bxg6 58. f7+ Kh7 59. Rh1+ Bh5 60. f8=Q {Die Partie bildet ein
lehrreiches Beispiel dafür, wie schwer es ist, eine passive, aber
ungeschwächte Stellung aufzuknacken.} 1-0

[Event "RUS-chT 05th"]
[Site "Maikop"]
[Date "1998.06.05"]
[Round "3"]
[White "Iskusnyh, Sergei"]
[Black "Morozevich, Alexander"]
[Result "0-1"]
[WhiteElo "2455"]
[BlackElo "2590"]
[Annotator "Huebner,R"]
[PlyCount "88"]
[EventDate "1998.06.03"]
[EventType "team-tourn"]
[EventRounds "11"]
[EventCountry "RUS"]
[SourceTitle "CBM 066"]
[Source "ChessBase"]
[SourceDate "1998.09.30"]
[SourceVersion "1"]
[SourceVersionDate "1998.09.30"]
[SourceQuality "1"]
[WhiteTeam "Novokuznetsk"]
[BlackTeam "Tomsk 400"]
[WhiteTeamCountry "RUS"]
[BlackTeamCountry "RUS"]

1. Nf3 Nf6 2. c4 c6 3. d4 d5 4. Nc3 dxc4 5. a4 Bf5 6. Ne5 Nbd7 7. Nxc4 Qc7 8.
g3 e5 9. dxe5 Nxe5 10. Bf4 Nfd7 11. Bg2 f6 12. O-O Nc5 13. e4 (13. Nxe5 fxe5
14. Be3 Rd8 15. Qe1 Be7 16. Rd1 {führt zu gleichem Spiel.}) 13... Bg6 14. Nxe5
{Ich zitiere den Vorgänger:} (14. Bxe5 $2 fxe5 15. f4 Rd8 16. Qg4 exf4 17. gxf4
Nd3 18. Kh1 Bc5 19. f5 Bf7 20. e5 {Weiß hat die Idee des Schwarzen mit
äußerster Schärfe bekämpft, aber der Springer auf d3 hindert ihn daran, die
nötige Koordination seiner Figuren herzustellen. Er bricht jetzt erstaunlich
schnell zusammen. Auch nach} (20. Qxg7 Rg8 21. Qxh7 Rd7 22. Na3 Qe5 {dürfte er
nicht überleben können.}) 20... Bxc4 21. f6 $6 (21. Qxc4 Qxe5 22. Ne4 {
leistete zäheren Widerstand.}) 21... Qxe5 22. Rf5 (22. fxg7 Rg8 23. Qxc4 Rxg7
24. Qe4 Qxe4 25. Nxe4 Bd4 {war freilich auch hoffnungslos.}) 22... Qe6 23. fxg7
Rg8 24. Qh5+ Qg6 25. Qe2+ Be7 26. Rf8+ Rxf8 27. gxf8=Q+ Kxf8 28. Be4 Qf7 {
0-1 Sakaev,K-Morozevich,A/Chebanenco mem 1st 1998. Der Textzug gewährt dem
Weißen ebenfalls keinen Vorteil.}) 14... fxe5 15. Be3 Be7 16. b4 Rd8 17. Qc2
Ne6 18. Bh3 $6 (18. Qb2 $11 {Der Textzug leitet eine hübsche, aber ungünstige
Abwicklung ein.}) 18... Nd4 19. Nb5 $2 (19. Qb2 $5) 19... Qb6 20. Nxd4 exd4 21.
Bd2 d3 22. Qa2 Bf7 23. Be6 O-O 24. Bxf7+ Rxf7 25. Qc4 Rd4 26. Qe6 c5 27. Qxb6
axb6 28. bxc5 Bxc5 29. Rfe1 $2 {Dieser Zug schwächt den Punkt f2 entscheidend.
Bessere Überlebensaussichten bot die Fortsetzung} (29. e5 Re4 30. Bf4) 29...
Rc4 30. Bf4 (30. Be3 Rxe4 {ist hoffnungslos für Weiß.}) 30... Rc2 31. Red1 ({
Auch} 31. Rf1 g5 {führt zum Verlust:} 32. Bxg5 (32. Be3 Bxe3 33. fxe3 Rxf1+ 34.
Kxf1 (34. Rxf1 d2 $19) 34... Rxh2 35. Kg1 Re2 36. Rd1 Rxe3 37. Kf2 Rxe4 38.
Rxd3 Rxa4 39. Rd8+ Kg7 40. Rd7+ Kg6 41. Rd6+ Kf5 42. Rxb6 Kg4 43. Rxb7 Ra2+ {
usw.}) 32... Rfxf2 33. Rxf2 Rxf2 34. Kh1 d2 35. Rd1 Bb4 {nebst Tf2-e2.}) 31...
Rxf2 $19 32. Kh1 Rd7 33. Rac1 Re2 34. e5 Kf7 35. Rd2 Bb4 36. Rdd1 Ke6 37. Rb1
Ba5 38. Kg1 h6 39. h4 Kf5 40. Rb3 d2 41. Rf3 Kg4 42. Rf2 Re1+ 43. Rf1 g5 44.
hxg5 hxg5 0-1

[Event "Guillermo Garcia Memorial-A 06th"]
[Site "Santa Clara"]
[Date "1998.05.24"]
[Round "1"]
[White "Bellon Lopez, Juan Manuel"]
[Black "Nogueiras Santiago, Jesus"]
[Result "0-1"]
[WhiteElo "2455"]
[BlackElo "2520"]
[Annotator "Huebner,R"]
[PlyCount "129"]
[EventDate "1998.05.24"]
[EventType "tourn"]
[EventRounds "13"]
[EventCountry "CUB"]
[EventCategory "9"]
[SourceTitle "CBM 066"]
[Source "ChessBase"]
[SourceDate "1998.09.30"]
[SourceVersion "1"]
[SourceVersionDate "1998.09.30"]
[SourceQuality "1"]

1. d4 d5 2. Nf3 Nf6 3. c4 c6 4. Nc3 dxc4 5. a4 Bf5 6. Ne5 Nbd7 7. Nxc4 Qc7 8.
g3 e5 9. dxe5 Nxe5 10. Bf4 Nfd7 11. Bg2 f6 12. O-O Nc5 13. e4 Bg6 14. Qe2 Be7
15. Rad1 O-O 16. Bh3 {Dies kommt mir sinnlos vor. Besser war} (16. Nxe5 {
mit etwa ausgeglichenem Spiel.}) 16... Bf7 17. Ne3 $2 {Weiß mußte auf e5
schlagen. Nun werden sich die Löcher am Damenflügel als tödlich herausstellen.}
Rfd8 18. Nf5 Bf8 19. Rxd8 Rxd8 20. Rd1 Bb3 21. Rd4 Ne6 22. Rxd8 Qxd8 23. Bxe5
fxe5 24. Qe3 Bc5 25. Qc1 (25. Nh6+ {ist nicht besser:} Kf8 26. Qf3+ Qf6 27.
Qxf6+ gxf6 28. Nf5 Bb4 {und Schwarz gewinnt.}) 25... Qg5 26. Ne2 Qh5 27. Qf1
Bc4 28. Ne3 (28. g4 Qg5 29. Qd1 g6 $19) 28... Bxe3 29. Bxe6+ Bxe6 30. fxe3 Bc4
31. Qd1 (31. Nf4 Bxf1 32. Nxh5 Be2 $19) 31... h6 $6 (31... Qxe2 32. Qd8+ Kf7
33. Qd7+ Kg6 34. Qd6+ Kh5 35. Qxe5+ g5 $19) 32. Nc3 Qxd1+ 33. Nxd1 Bb3 34. Nf2
(34. Nc3 a5 {sieht hoffnunslos aus; der König des Schwarzen läuft nach b4.})
34... Bxa4 35. Nd3 Bc2 36. Nxe5 Bxe4 37. Kf2 b6 38. g4 g5 39. Nc4 Bd5 40. Nd6
Kg7 41. e4 Be6 42. Nf5+ Kg6 43. Ne7+ Kf6 44. Nxc6 Bxg4 45. Ke3 (45. Nxa7 Bd7
46. b4 b5 47. Ke3 Ke5 48. Kd3 (48. Kf3 Kd4 $19) 48... g4 49. Ke3 h5 50. Kd3 h4
51. Ke3 h3 {und Schwarz gewinnt.}) 45... Bd7 46. Nb4 h5 47. Kd4 Be6 48. Nc6 a5
49. e5+ Kg6 50. Ke4 Kf7 51. Nd4 a4 52. Nf3 g4 53. Nh4 b5 54. Kd4 b4 55. Ng2 Bb3
56. Nf4 h4 57. Kd3 h3 58. Ne2 a3 59. bxa3 bxa3 60. Kc3 a2 61. Kb2 Ke6 62. Nc3
Kf7 {Auch wenn dieser Zug ein wenig rätselhaft ist, so genügt er natürlich
doch allen Anforderungen der Stellung.} 63. Ne2 Be6 64. Nf4 g3 65. Nxh3 0-1

[Event "EU-chT (Men) 11th"]
[Site "Pula"]
[Date "1997.05.??"]
[Round "4.1"]
[White "Azmaiparashvili, Zurab"]
[Black "Bareev, Evgeny"]
[Result "1/2-1/2"]
[WhiteElo "2650"]
[BlackElo "2665"]
[Annotator "Huebner,R"]
[PlyCount "171"]
[EventDate "1997.05.05"]
[EventType "team-swiss"]
[EventRounds "9"]
[EventCountry "CRO"]
[SourceTitle "CBM 057 Extra"]
[Source "ChessBase"]
[SourceDate "1997.05.01"]
[SourceVersion "1"]
[SourceVersionDate "1997.05.01"]
[SourceQuality "1"]
[WhiteTeam "Georgia"]
[BlackTeam "Russia"]
[WhiteTeamCountry "GEO"]
[BlackTeamCountry "RUS"]

1. d4 d5 2. c4 c6 3. Nf3 Nf6 4. Nc3 dxc4 5. a4 Bf5 6. Nh4 e6 7. Nxf5 exf5 8. e3
Bb4 9. Bxc4 O-O 10. Qf3 $2 (10. O-O {führt zu bekannten theoretischen Pfaden.})
10... Qa5 11. Bd2 Ne4 12. Nxe4 (12. Rc1 Nd7 {ist noch ungünstiger für Weiß.})
12... fxe4 13. Qd1 c5 {Schwarz strebt rasche Stellungsöffnung an, um dem
weißen König, der zunächst in der Mitte verbleiben muß, zuzusetzen.} ({Die
Fortsetzung} 13... Nd7 14. Qc2 (14. Be2 Nc5 {könnte sich als unbequem für Weiß
herausstellen.}) 14... Nb6 15. Bb3 {mit der Absicht, Ld2xb4, Da5xb4+, Dc2-c3
zu spielen, bringt dem Schwarzen nichts ein.}) 14. Bd5 {Der Textzug bietet die
beste Gegenchance.} ({Nach} 14. d5 Nd7 {wird Weiß den d-Bauern nicht halten
können.}) 14... cxd4 $2 (14... Nc6 15. Bxc6 (15. Bxe4 cxd4 16. Bxb4 Qxb4+ 17.
Qd2 dxe3 18. Qxb4 Nxb4 {ist ebenfalls unbequem für Weiß.}) 15... bxc6 16. Bxb4
Qxb4+ 17. Qd2 Rab8 {hätte dem Schwarzen Vorteil überlassen.}) 15. Bxb4 $2 ({
Es ist mir unklar, warum Weiß auf} 15. Bxb7 dxe3 16. fxe3 Rd8 17. O-O Bxd2 18.
Qb3 {verzichtet.}) 15... Qxb4+ 16. Qd2 Na6 17. Bxe4 (17. Rd1 $5) 17... Rae8 18.
Bf3 dxe3 19. Qxb4 Nxb4 20. Rd1 b6 21. Ke2 exf2+ 22. Kxf2 Rd8 23. Kg3 f5 24.
Rxd8 Rxd8 25. Rc1 Rd7 $2 (25... a5 {bot bessere Gewinnaussichten. Nach dem
Textzug kann Weiß einen weiteren Bauern abtauschen, und zwar gerade den
a-Bauern, der auf der Farbe seines Läufers steht. Er erhält auf diese Weise
vorzügliche Aussichten, alle Damenflügelbauern aufzulösen; erreicht er dieses
Ziel, ist die Stellung als remis zu bewerten.}) 26. a5 bxa5 27. Rc5 g6 28. Rxa5
Kf7 29. h4 Kf6 30. b3 Re7 31. Ra4 Nd3 32. Rd4 Nc5 33. b4 Rd7 34. Rc4 Ne6 35.
Rc6 Ke5 36. Ra6 Rc7 37. Ra5+ Kd4 38. Ra6 Re7 39. Rc6 Ke5 40. Ra6 Kd4 41. Rc6
Ke5 42. Ra6 h6 43. b5 g5 44. hxg5 hxg5 45. b6 axb6 46. Rxb6 Rc7 47. Rb5+ Nc5
48. Kf2 Kd4 49. Rb4+ Kc3 50. Rb5 g4 51. Be2 Kd4 52. Bxg4 Nd3+ 53. Kg3 fxg4 54.
Kxg4 Ke4 55. Kg3 Rg7+ 56. Kh2 Nf4 57. Rb4+ Ke3 58. g3 Nd5 59. Kh3 Kf2 60. Kh4
Ne3 61. Rb5 Rxg3 62. Rg5 Ng2+ 63. Kh5 Nf4+ 64. Kh4 Ng2+ 65. Kh5 Rf3 66. Ra5 Kg3
67. Kg5 Nh4 68. Rb5 Rf8 69. Ra5 Nf3+ 70. Kg6 Rf4 71. Rb5 Kg4 72. Kh6 Rd4 73.
Kg7 Rd6 74. Kf7 Nd4 75. Rb1 Kf5 76. Rf1+ Ke5 77. Re1+ Kd5 78. Rd1 Ra6 79. Ke7
Re6+ 80. Kd7 Re3 81. Rh1 Re5 82. Ra1 Nb3 83. Rd1+ Kc5 84. Rd3 Na5 85. Rd6 Nc4
86. Re6 1/2-1/2

[Event "FIDE-Wch k.o."]
[Site "Groningen"]
[Date "1997.12.10"]
[Round "1.2"]
[White "Illescas Cordoba, Miguel"]
[Black "Gretarsson, Helgi Ass"]
[Result "0-1"]
[WhiteElo "2585"]
[BlackElo "2475"]
[Annotator "Huebner,R"]
[PlyCount "108"]
[EventDate "1997.12.09"]
[EventType "k.o."]
[EventRounds "7"]
[EventCountry "NED"]
[SourceTitle "CBM 063"]
[Source "ChessBase"]
[SourceDate "1998.03.26"]
[SourceVersion "1"]
[SourceVersionDate "1998.03.26"]
[SourceQuality "1"]

1. d4 {Hansen,LB Hecht} d5 2. c4 c6 3. Nf3 Nf6 4. Nc3 dxc4 5. a4 Bf5 6. Ne5 Na6
7. f3 ({Solider sieht das Abspiel} 7. e3 Nb4 (7... Nd7 {Hansen,LB} 8. Nxc4 e5
$5 9. Nxe5 Nxe5 10. Bxa6 bxa6 11. dxe5 Bd3 12. Ne2 a5 $132 {Pelletier,
Y-Golubovic,B/Cannes/1998/}) 8. Bxc4 e6 9. O-O {aus; siehe Z. Ribli, Slawisch
D16-19 (Informatormonographie) unter D 18/87.}) 7... Nd7 8. Nxc4 $6 (8. Nxd7
Bxd7 9. e4 e5 {verursacht dem Schwarzen auch keine Probleme, ist aber
vielleicht solider als der Textzug.} (9... e5 $5 {Hansen,LB} 10. Bxc4 exd4 11.
Qxd4 Nb4 12. Qe5+ Be6 13. O-O Qf6 (13... Bd6 14. Qxg7 Qb6+ 15. Kh1 O-O-O 16.
Bxe6+ fxe6 $13 {Landa,K-Totsky,L/RUSch-T/1995/}) 14. Qxf6 gxf6 15. Bxe6 Bc5+
16. Kh1 fxe6 $11 {Ivanisevic,I-Miles,A/Szeged/1997/})) 8... e5 9. e4 (9. dxe5 {
Hansen,LB} Qh4+ 10. g3 Qxc4 11. e4 Qe6 12. exf5 Qxe5+ $11 {ECO}) (9. Nxe5 {
Hansen,LB} Nxe5 10. dxe5 Qxd1+ 11. Nxd1 Nb4 12. Ne3 Bg6 $44 {ECO}) 9... exd4
10. Ne2 (10. Qxd4 Nb4 {ist unerfreulich für Weiß.}) 10... Bb4+ 11. Kf2 {
Ich habe gegen diese Spielführung großes Mißtrauen, auch wenn sie in den
Eröffnungswerken als Hauptvariante geführt wird. Schwarz ist viel besser
entwickelt, ohne daß er das geringste positionelle Zugeständnis für diesen
Vorteil machen mußte. Auch die unten zitierten Partien, in denen Schwarz im
folgenden Zug anders fortsetzte, verlocken nicht dazu, die Variante mit Weiß
auszuprobieren.} (11. Bd2 $2 {Hansen,LB} Ndc5 $1 12. Bxb4 (12. exf5 $2 Nd3#)
12... Nxb4 13. exf5 d3 $1 $17 {ECO}) 11... Bg6 {Dies ist, soweit ich sehe, ein
neuer Versuch. Der Zug hat gegenüber 11...Le6 den Vorteil, daß der auf d4
auftauchende Springer des Weißen den Läufer nicht angreift. Ich zitiere die
beiden wichtigsten Partien, in denen an dieser Stelle andere Fortsetzungen
gewählt wurden:} (11... Be6 12. Nxd4 Nb6 13. Ne3 Nc5 14. a5 Nbd7 15. a6 Qb6 16.
axb7 Rd8 17. Qc2 O-O 18. Nxe6 Nxe6 $6 (18... fxe6 19. Be2 Ne5 {kam stark in
Betracht.}) 19. Ra6 Qxb7 20. Qxc6 Qb8 21. Qb5 Bc5 22. Qxb8 Nxb8 23. Ra4 Rd1 24.
Rc4 Rfd8 25. Rg1 Nd7 26. Rxc5 $16 {1-0 Aloni,I-Enevoldsen,H/Helsinki olm 1952 
(42)}) (11... Bc5 12. exf5 d3+ 13. Kg3 dxe2 14. Qxe2+ Kf8 15. Bf4 Nb4 16. Re1
Nd5 17. Bd2 N7f6 18. Kh3 Qd7 {1/2-1/2 Kuzmin,G-Bagirov,V/URS-ch sf 1984 (41)
Meines Erachtens sieht die Stellung für Weiß nicht verlockend aus.}) 12. Nxd4
Qf6 13. e5 $2 {Hansen,LB: This pawn sacrifice backfires because of Black's
16th move. Dieser Versuch wird widerlegt, aber auch nach anderen Zügen ist die
Stellung des Weißen natürlich unbequem.} (13. Ne3 {ist wohl noch am besten.}
Bc5 (13... Nac5 14. Nec2 a5 (14... Nxe4+ 15. Kg1 Bc5 16. fxe4 Bxe4 17. Be3
O-O-O 18. Bd3 Rhe8 19. b4 {ist nicht überzeugend für Schwarz.}) 15. Kg1 Rd8 16.
Be3 {ist die Lage nicht klar.}) 14. Bxa6 bxa6 15. Nec2 Rd8 {Schwarz hat
starken Druck.}) 13... Nxe5 14. Nxe5 (14. Qe2 {Hansen,LB} Bc5 $1 $17) 14...
Qxe5 15. f4 (15. Bxa6 O-O-O 16. Be3 (16. Nxc6 Bc5+ $19) 16... Rhe8 17. Qc1 Rxd4
{führt zu einer hoffnungslosen Stellung für Weiß:} 18. Qxc6+ Kd8 19. Qc1 bxa6 {
usw.}) 15... Qe4 16. Bxa6 (16. Nxc6 Bc5+ 17. Kg3 O-O 18. Ne5 Nb4 {sieht
ebenfalls ganz scheußlich für Weiß aus.}) 16... O-O-O 17. Be3 Rhe8 18. Qd3 (18.
Qf3 Rxd4 19. Be2 (19. Bxd4 Qxd4+ 20. Kf1 bxa6 21. Qxc6+ Kd8 $19 {führt zu
baldigem Matt.}) (19. Qxe4 Rdxe4 $19) 19... Kb8 20. Rhd1 {leistete besseren
Widerstand.}) 18... Qxd3 $19 19. Bxd3 Bxd3 20. Rhd1 Be4 21. Rac1 Rd5 22. Nf3
Rxd1 23. Rxd1 b6 24. Ng5 Bd5 25. g4 f6 26. Nf3 Bb3 27. Ra1 Kb7 28. Nd4 Bd5 29.
Nf5 g6 30. Ng3 Bd6 31. a5 c5 32. Ne2 Bc4 33. Nc3 Bc7 34. axb6 axb6 35. h4 Rd8
36. g5 f5 37. Rh1 Kc6 38. h5 b5 39. hxg6 hxg6 40. Rh7 Bb6 41. Rg7 Rd6 42. Nb1
Bd5 43. Nc3 Bb3 44. Ke2 b4 45. Nb1 Bc4+ 46. Ke1 Bd5 47. Kd2 c4 48. Bxb6 Kxb6 {
[#] Hecht: Mehrbauer, Raumvorteil und starker schwarzer Läufer sind zum Gewinn
ausreichende Vorteile.} 49. Ke3 (49. Kc1 {Hecht} Kc5 50. Nd2 Kd4 51. Kc2 Be4+
$19) 49... c3 50. bxc3 Ba2 51. cxb4 (51. Nd2 {Hecht} bxc3 $19) 51... Bxb1 52.
Rf7 Ba2 53. Rf6 Rxf6 54. gxf6 Kb5 (54... Kb5 {Hansen,LB} 55. Kd4 Kxb4 56. Ke5
Kc5 57. f7 Bxf7 58. Kf6 Be8 $19) 0-1